Economic Implications of the Transition to Electric Vehicle Production in Slovakia: Identifying the Worst-case Scenario and Strategies for Its Mitigation

Salvato in:
Dettagli Bibliografici
Autore principale: Lábaj, Martin, 1982-
Natura: Capitolo di libro
Lingua:inglese
Soggetti:
Tags: Aggiungi Tag
Nessun Tag, puoi essere il primo ad aggiungerne!!

MARC

LEADER 00000naa a2200000 4500
001 0312812
005 20251020113814.5
041 0 |a eng 
044 |a SK 
245 1 0 |a Economic Implications of the Transition to Electric Vehicle Production in Slovakia: Identifying the Worst-case Scenario and Strategies for Its Mitigation  |c Martin Lábaj 
500 |a Abstrakt 
610 2 0 |a výroba 
610 2 0 |a elektromobily 
610 2 0 |a Slovensko 
610 2 0 |a scenáre 
610 2 0 |a stratégia bezpečnostná 
610 2 0 |a stratégia inovačná 
610 2 0 |a stratégia podnikateľská 
100 1 |a Lábaj, Martin, 1982-